000 00703nam a2200253Ia 4500
003 OSt
005 20220928130949.0
006 a|||||r|||| 00| 0
007 ta
008 220927b |||||||| |||| 00| 0 eng d
024 _a68518
037 _cTextual
040 _aSDCL
_cSDCL
_beng
041 _2eng
_aeng
082 _aR3xN30, L8
100 _aDerrida Jacques
_9439082
245 0 _aWriting and difference.
260 _aLondon
_bRoutledge Classics
_c1978
300 _axxiii,446p
_ccm.
650 _aDerrida Jacques-Philosophy
_9407348
700 _a Boss Alan Tr.
_9476725
942 _hR3xN30, L8
_cTEXL
_2CC
999 _c789196
_d789196